All time Premier League XI - Statistics

General Stats
  • This quiz has been taken 75 times
  • The average score is 10 of 12
Answer Stats
POSITION YEARS ACTIVE Answer % Correct
MANAGER 1992-2013 Alex Ferguson
88%
CB 1995-2015 Rio Ferdinand
88%
CM 1998-2015 Steven Gerrard
85%
CM 1995-2015 Frank Lampard
83%
CB 1998-2018 John Terry
83%
ST 2002-18 Wayne Rooney
83%
GK 1991-99,2001-03 Peter Schmeichel
82%
LB 1999-2014 Ashley Cole
80%
RB 1992-2011 Gary Neville
79%
ST 1992-2006 Alan Shearer
71%
LW 1999-2017, 2012 Thierry Henry
68%
RW 2012-19 Eden Hazard
59%
No matching quizzes found
Score Distribution
Percent of People with Each Score
Percentile by Number Answered
Your Score History
You have not taken this quiz